| 000 | 00497cam a2200205ua 4500 | ||
|---|---|---|---|
| 001 | 3850 | ||
| 005 | 20260515113735.0 | ||
| 008 | 111222n ii |||gr||||Z||||||asm | ||
| 040 | _cMAIN | ||
| 082 | _a780 | ||
| 100 |
_aSankardeva & Madhavadeva, _eAuthor. |
||
| 245 | 1 | 1 |
_aBargit _cby Sankardeva |
| 250 | _a2nd. | ||
| 260 |
_aDibrugarh: _bKaustubh Prakashan, _c2004. |
||
| 300 |
_a100p: _c23cm. |
||
| 653 | _aAssamese song | ||
| 653 | _aBargit | ||
| 700 |
_aSaikia, Nagen, _eEditor. |
||
| 942 | _cBK | ||
| 999 |
_c3671 _d3671 |
||